The shining light. (Record no. 2681)

MARC details
000 -LEADER
fixed length control field 00595nam a2200241I 4500
001 - CONTROL NUMBER
control field 29630
003 - CONTROL NUMBER IDENTIFIER
control field GBCCL
005 - DATE AND TIME OF LATEST TRANSACTION
control field 20241126110436.0
008 - FIXED-LENGTH DATA ELEMENTS--GENERAL INFORMATION
fixed length control field 770727s1960 miu 000 0 eng
010 ## -
-- 60051882 /L
020 ## - INTERNATIONAL STANDARD BOOK NUMBER
International Standard Book Number 0937931039
035 ## - SYSTEM CONTROL NUMBER
System control number (OCoLC)03143931
040 ## - CATALOGING SOURCE
Original cataloging agency DLC
Transcribing agency IQU
049 ## -
-- LBBK
050 0# -
-- PZ4.N398
-- Sh
082 ## - DEWEY DECIMAL CLASSIFICATION NUMBER
Classification number 813.54
Item number NEI
092 ## - LOCALLY ASSIGNED DEWEY CALL NUMBER (OCLC)
Classification number 813.54
Item number N397sh
100 1# - MAIN ENTRY--PERSONAL NAME
Personal name Neighbour, Ralph Webster,
Dates associated with a name 1906-
9 (RLIN) 5647
245 14 - TITLE STATEMENT
Title The shining light.
260 ## - PUBLICATION, DISTRIBUTION, ETC.
Place of publication, distribution, etc. Chattanooga,
Name of publisher, distributor, etc. Global publishers
Date of publication, distribution, etc. 1986.
300 ## - PHYSICAL DESCRIPTION
Extent 181 p.
Dimensions 21 cm.
942 ## - ADDED ENTRY ELEMENTS (KOHA)
Source of classification or shelving scheme Dewey Decimal Classification
Koha item type Books
Holdings
Withdrawn status Lost status Source of classification or shelving scheme Damaged status Not for loan Home library Current Library Shelving location Date acquired Total checkouts Full call number Barcode Date last seen Copy number Price effective from Koha item type
    Dewey Decimal Classification     GRACE BIBLE COLLEGE GRACE BIBLE COLLEGE General Studies 2017-09-12   813.54 NEI 009073 2025-05-01 c.1 2017-09-12 Books
© Grace Bible College Library 2025